|
|
|
|
| LEADER |
00808nab a2200241 i 4500 |
| 001 |
publ27762 |
| 005 |
20230629142800.0 |
| 008 |
230629s2016 hu o 0|| Angol d |
| 022 |
|
|
|a 1359-6640
|
| 024 |
7 |
|
|a 10.1039/c6fd00139d
|2 doi
|
| 024 |
7 |
|
|a 3163798
|2 mtmt
|
| 040 |
|
|
|a SZTE Publicatio Repozitórium
|b hun
|
| 041 |
|
|
|a Angol
|
| 100 |
1 |
|
|a Csehi András
|
| 245 |
1 |
0 |
|a Towards controlling the dissociation probability by light-induced conical intersections
|h [elektronikus dokumentum] /
|c Csehi András
|
| 260 |
|
|
|c 2016
|
| 300 |
|
|
|a 479-493
|
| 490 |
0 |
|
|a FARADAY DISCUSSIONS
|v 194
|
| 650 |
|
4 |
|a Fizikai tudományok
|
| 700 |
0 |
1 |
|a Halász Gábor
|e aut
|
| 700 |
0 |
1 |
|a Cederbaum Lorenzo S.
|e aut
|
| 700 |
0 |
1 |
|a Vibók Ágnes
|e aut
|
| 856 |
4 |
0 |
|u http://publicatio.bibl.u-szeged.hu/27762/1/3163798.pdf
|z Dokumentum-elérés
|